[Event "20. Abierto Ciudad de Jaén"]
[Site "Jaén ESP"]
[Date "2010.01.31"]
[Round "1.1"]
[White "Fernandez Rodriguez, Ramon"]
[Black "Krasenkow, Michal"]
[Result "0-1"]
[WhiteElo "1891"]
[BlackElo "2656"]
[PlyCount "64"]
[EventDate "2010.01.31"]
[EventType "swiss (rapid)"]
[EventCountry "ESP"]
[Source "lmi"]
[SourceDate "2010.01.31"]

1. e4 g6 2. d4 Bg7 3. Nf3 d6 4. Bd3 Bg4 5. c3 Nc6 6. O-O e5 7. d5 Nce7 8. Qa4+
c6 9. dxc6 bxc6 10. Nbd2 Nf6 11. h3 Bxf3 12. Nxf3 O-O 13. Rd1 Qc7 14. Be3 Rfd8
15. Qc2 d5 16. exd5 cxd5 17. Ne1 e4 18. Be2 Nf5 19. Bd4 Nxd4 20. cxd4 Qb6 21.
Qd2 Ne8 22. b3 Nc7 23. Rac1 Ne6 24. Nc2 Rac8 25. g3 Nxd4 26. Nxd4 Rxc1 27. Qxc1
Bxd4 28. Rf1 Rd6 29. Kg2 Rf6 30. Qc8+ Kg7 31. f4 Rc6 32. Qg4 f5 0-1

[Event "20. Abierto Ciudad de Jaén"]
[Site "Jaén ESP"]
[Date "2010.01.31"]
[Round "1.2"]
[White "Delchev, Aleksander"]
[Black "Fernandez Calzada, Juan Antonio"]
[Result "1-0"]
[WhiteElo "2625"]
[BlackElo "1869"]
[PlyCount "83"]
[EventDate "2010.01.31"]
[EventType "swiss (rapid)"]
[EventCountry "ESP"]
[Source "lmi"]
[SourceDate "2010.01.31"]

1. d4 Nf6 2. c4 g6 3. Nc3 Bg7 4. e4 d6 5. Be2 O-O 6. Nf3 Nbd7 7. O-O e5 8. Be3
Nh5 9. Qd2 Re8 10. Rad1 Qe7 11. Rfe1 c6 12. b4 Bh8 13. b5 Ng7 14. bxc6 bxc6 15.
c5 dxc5 16. dxe5 Nxe5 17. Nxe5 Qxe5 18. Na4 Ne6 19. Qc2 Nd4 20. Bxd4 cxd4 21.
Bd3 Be6 22. g3 Rac8 23. Nc5 Bh3 24. f4 Qh5 25. e5 Bg7 26. Ne4 Re6 27. Ng5 Re7
28. Bc4 Bf5 29. Qb3 Rcc7 30. Rxd4 h6 31. Rd8+ Bf8 32. Qb8 Rc8 33. Rxc8 Bxc8 34.
Nxf7 Rxf7 35. Qxc8 Kg7 36. Qe6 Qf5 37. Qxf7+ Qxf7 38. Bxf7 Kxf7 39. Kf2 Ke6 40.
Ke3 c5 41. Ke4 Be7 42. Ra1 1-0

[Event "20. Abierto Ciudad de Jaén"]
[Site "Jaén ESP"]
[Date "2010.01.31"]
[Round "1.3"]
[White "Diaz Luque, Francisco"]
[Black "Spraggett, Kevin"]
[Result "0-1"]
[WhiteElo "1857"]
[BlackElo "2586"]
[PlyCount "58"]
[EventDate "2010.01.31"]
[EventType "swiss (rapid)"]
[EventCountry "ESP"]
[Source "lmi"]
[SourceDate "2010.01.31"]

1. d4 Nf6 2. Nc3 d5 3. e4 dxe4 4. f3 e3 5. Bxe3 e6 6. Bd3 Nbd7 7. Nge2 Be7 8.
O-O O-O 9. Qe1 c5 10. Rb1 cxd4 11. Bxd4 Nc5 12. Bxc5 Bxc5+ 13. Kh1 Qc7 14. Qh4
Be7 15. Ne4 Nxe4 16. Qxe4 g6 17. Nc3 Bf6 18. Nd1 Bd7 19. Nf2 Bc6 20. Qe2 Bg7
21. Rfe1 Rad8 22. Ng4 b6 23. Ne5 Ba8 24. h4 Rd4 25. Ng4 h5 26. Nf2 Rxh4+ 27.
Nh3 Qg3 28. Qf1 Qb8 29. Ra1 Qd8 0-1

[Event "20. Abierto Ciudad de Jaén"]
[Site "Jaén ESP"]
[Date "2010.01.31"]
[Round "1.4"]
[White "Agrest, Evgenij"]
[Black "Castro Pegalajar, Carlos"]
[Result "1-0"]
[WhiteElo "2585"]
[BlackElo "1842"]
[PlyCount "61"]
[EventDate "2010.01.31"]
[EventType "swiss (rapid)"]
[EventCountry "ESP"]
[Source "lmi"]
[SourceDate "2010.01.31"]

1. Nf3 Nf6 2. c4 c5 3. Nc3 Nc6 4. d4 cxd4 5. Nxd4 e5 6. Ndb5 a6 7. Nd6+ Bxd6 8.
Qxd6 Qe7 9. Qxe7+ Nxe7 10. g3 d5 11. cxd5 Nexd5 12. Bd2 O-O 13. Bg2 Nb4 14. O-O
Nc6 15. Na4 Be6 16. Nb6 Rad8 17. Bg5 Nd4 18. e3 Ne2+ 19. Kh1 Rd6 20. Na4 Bc4
21. Nc5 h6 22. Bxf6 gxf6 23. Rfe1 Rd2 24. b3 Bb5 25. Bxb7 Nc3 26. a4 Bd7 27.
Rac1 Nd5 28. Nxd7 Rd8 29. Red1 Rxd1+ 30. Rxd1 Nb6 31. Nxf6+ 1-0

[Event "20. Abierto Ciudad de Jaén"]
[Site "Jaén ESP"]
[Date "2010.01.31"]
[Round "1.5"]
[White "Lerma Moreno, Juan Manuel"]
[Black "Korneev, Oleg"]
[Result "0-1"]
[WhiteElo "1831"]
[BlackElo "2573"]
[PlyCount "74"]
[EventDate "2010.01.31"]
[EventType "swiss (rapid)"]
[EventCountry "ESP"]
[Source "lmi"]
[SourceDate "2010.01.31"]

1. d4 d5 2. Nf3 Nf6 3. Bf4 c5 4. Nbd2 Nc6 5. e3 Bg4 6. c3 e6 7. Qb3 Qc8 8. Be2
Be7 9. h3 Bh5 10. Qd1 O-O 11. Ne5 Nxe5 12. dxe5 Bxe2 13. Qxe2 Ne4 14. Nxe4 dxe4
15. O-O Rd8 16. Rfd1 Qc6 17. Rxd8+ Rxd8 18. Rd1 Rxd1+ 19. Qxd1 b5 20. b3 Qd5
21. Qxd5 exd5 22. Kf1 a5 23. Ke2 c4 24. Kd2 cxb3 25. axb3 a4 26. bxa4 bxa4 27.
Kc2 g5 28. Bh2 h5 29. f4 exf3 30. gxf3 Bc5 31. e4 dxe4 32. fxe4 Bf2 33. c4 g4
34. hxg4 hxg4 35. Bf4 g3 36. c5 g2 37. Bh2 Bxc5 0-1

[Event "20. Abierto Ciudad de Jaén"]
[Site "Jaén ESP"]
[Date "2010.01.31"]
[Round "1.7"]
[White "Pozo Garcia, Alberto"]
[Black "Paunovic, Dragan"]
[Result "0-1"]
[WhiteElo "1715"]
[BlackElo "2551"]
[PlyCount "56"]
[EventDate "2010.01.31"]
[EventType "swiss (rapid)"]
[EventCountry "ESP"]
[Source "lmi"]
[SourceDate "2010.01.31"]

1. e4 c5 2. d4 cxd4 3. c3 dxc3 4. Nxc3 e6 5. Nf3 a6 6. Bc4 Nc6 7. O-O Nge7 8.
Qe2 Ng6 9. Rd1 Be7 10. Be3 O-O 11. Rac1 d6 12. Na4 b5 13. Nb6 Rb8 14. Nxc8 Rxc8
15. Bb3 Na5 16. Rxc8 Qxc8 17. Rc1 Qb7 18. Bc2 Nc4 19. b3 Nxe3 20. Qxe3 Rc8 21.
e5 Nxe5 22. Nxe5 dxe5 23. Qd3 e4 24. Qd2 Qc6 25. h3 Ba3 26. Rd1 Qxc2 27. Qd8+
Rxd8 28. Rxd8+ Bf8 0-1

[Event "20. Abierto Ciudad de Jaén"]
[Site "Jaén ESP"]
[Date "2010.01.31"]
[Round "1.8"]
[White "Matamoros Franco, Carlos S"]
[Black "Mercado Larrea, Adrian"]
[Result "1-0"]
[WhiteElo "2541"]
[BlackElo "1676"]
[PlyCount "51"]
[EventDate "2010.01.31"]
[EventType "swiss (rapid)"]
[EventCountry "ESP"]
[Source "lmi"]
[SourceDate "2010.01.31"]

1. d4 d5 2. c4 e6 3. Nf3 Nf6 4. g3 c6 5. Qc2 Nbd7 6. Bg2 Nb6 7. Nbd2 Bb4 8. O-O
Bxd2 9. Nxd2 dxc4 10. e3 O-O 11. Nxc4 Nxc4 12. Qxc4 Re8 13. b3 e5 14. dxe5 Rxe5
15. Bb2 Re8 16. Rad1 Qe7 17. Rd4 Be6 18. Qc3 Rad8 19. Rfd1 Rxd4 20. Qxd4 h6 21.
Qxa7 Bd5 22. Bxf6 Qxf6 23. Bxd5 cxd5 24. Qxb7 Qb2 25. Qxd5 Re5 26. Qxe5 1-0

[Event "20. Abierto Ciudad de Jaén"]
[Site "Jaén ESP"]
[Date "2010.01.31"]
[Round "1.9"]
[White "Portillo Alcalde, Jose Maria"]
[Black "San Segundo Carrillo, Pablo"]
[Result "0-1"]
[WhiteElo "1630"]
[BlackElo "2534"]
[PlyCount "51"]
[EventDate "2010.01.31"]
[EventType "swiss (rapid)"]
[EventCountry "ESP"]
[Source "lmi"]
[SourceDate "2010.01.31"]

1. c4 Nf6 2. Nf3 c6 3. Nc3 d5 4. d4 dxc4 5. e4 b5 6. a4 b4 7. Nb1 Nxe4 8. Bxc4
Nd6 9. Ba2 Ba6 10. Qb3 e6 11. Ne5 Qh4 12. Be3 Be7 13. Nxf7 Nxf7 14. Qxe6 O-O
15. Nd2 b3 16. Bxb3 Bb4 17. O-O-O Be2 18. Bg5 Qxg5 19. Qxe2 Nd7 20. Rhe1 Rab8
21. Qc4 Bxd2+ 22. Rxd2 Nb6 23. Qe6 Nd5 24. Kc2 Rxb3 25. Kxb3 Qd8 26. Ra1 0-1

[Event "20. Abierto Ciudad de Jaén"]
[Site "Jaén ESP"]
[Date "2010.01.31"]
[Round "2.1"]
[White "Krasenkow, Michal"]
[Black "Dolezal, Cristian"]
[Result "0-1"]
[WhiteElo "2656"]
[BlackElo "2405"]
[PlyCount "160"]
[EventDate "2010.01.31"]
[EventType "swiss (rapid)"]
[EventCountry "ESP"]
[Source "lmi"]
[SourceDate "2010.01.31"]

1. d4 g6 2. e4 Bg7 3. c4 c5 4. d5 d6 5. Bd3 e5 6. Nc3 Na6 7. Nf3 Nh6 8. h3 Bd7
9. g4 f6 10. Be3 Nf7 11. Qd2 Nc7 12. Ke2 Rb8 13. a3 b6 14. b4 Bf8 15. Rhg1 Be7
16. Rab1 O-O 17. h4 Ne8 18. h5 g5 19. Nh2 Nc7 20. f3 Qe8 21. Rb2 Nd8 22. Rgb1
Nb7 23. Nf1 Qf7 24. Ng3 Rfc8 25. Bc2 Ne8 26. Qd3 Ng7 27. Ba4 Bxa4 28. Nxa4 Qe8
29. Nc3 h6 30. Nb5 Ra8 31. Qb3 Qd7 32. Rc1 Kf7 33. Qa4 Bf8 34. Qa6 Nd8 35. a4
cxb4 36. Rxb4 Qb7 37. Qxb7+ Nxb7 38. Rb2 Ke8 39. Bd2 Kd7 40. a5 bxa5 41. Nd4
Nc5 42. Nc6 a4 43. Be3 Nb3 44. Rcb1 Rxc6 45. dxc6+ Kxc6 46. Ra2 Rb8 47. Kd3 a5
48. Kc3 Rb4 49. Rbb2 Be7 50. Kd3 Bd8 51. Nf1 Ne6 52. Nd2 Bb6 53. Bxb6 Kxb6 54.
Ke3 Ned4 55. Nb1 Rxc4 56. Kf2 Kc5 57. Nd2 Nxd2 58. Rxd2 Kb4 59. Rdb2+ Nb3 60.
Ke3 Rc3+ 61. Kf2 Rc1 62. Re2 a3 63. Re3 a4 64. Rd3 Rc6 65. Rd1 Nd4 66. Rd3 Rc1
67. Rdxa3 Rc2+ 68. Ke3 Rxa2 69. Rxa2 Kb3 70. Rd2 a3 71. Rd3+ Kb2 72. Rd2+ Kb1
73. Rd1+ Kc2 74. Rd2+ Kb3 75. Rd3+ Kb4 76. Rd2 Nb3 77. Rc2 Nd4 78. Rd2 Kc4 79.
Rd3 a2 80. Rd1 Kc3 0-1

[Event "20. Abierto Ciudad de Jaén"]
[Site "Jaén ESP"]
[Date "2010.01.31"]
[Round "2.2"]
[White "Djuric, Stefan"]
[Black "Delchev, Aleksander"]
[Result "1-0"]
[WhiteElo "2414"]
[BlackElo "2625"]
[PlyCount "77"]
[EventDate "2010.01.31"]
[EventType "swiss (rapid)"]
[EventCountry "ESP"]
[Source "lmi"]
[SourceDate "2010.01.31"]

1. Nf3 Nf6 2. c4 e6 3. Nc3 d5 4. e3 c5 5. cxd5 Nxd5 6. d4 Nc6 7. Bb5 cxd4 8.
Qxd4 Bd7 9. Bxc6 Bxc6 10. O-O Nxc3 11. Qxc3 Rc8 12. Qe5 Bxf3 13. gxf3 Rc5 14.
Qe4 Bd6 15. f4 O-O 16. Rd1 Qc7 17. Bd2 Rc4 18. Qg2 Qc6 19. Bc3 f6 20. Rd3 Rf7
21. Rad1 Qxg2+ 22. Kxg2 Bc7 23. Kf3 e5 24. fxe5 fxe5+ 25. Ke2 b5 26. Rd5 Rh4
27. Rh1 e4 28. h3 a6 29. Bd4 h6 30. Rc5 Kh7 31. Rc6 a5 32. Rg1 g5 33. Rgc1 Bd8
34. Re6 Rxh3 35. Rc8 Rd7 36. Re8 Bc7 37. Re6 Bd8 38. Rcc6 Rh2 39. Re8 1-0

[Event "20. Abierto Ciudad de Jaén"]
[Site "Jaén ESP"]
[Date "2010.01.31"]
[Round "2.3"]
[White "Spraggett, Kevin"]
[Black "Castillo Gallego, Sergio"]
[Result "1-0"]
[WhiteElo "2586"]
[BlackElo "2241"]
[PlyCount "51"]
[EventDate "2010.01.31"]
[EventType "swiss (rapid)"]
[EventCountry "ESP"]
[Source "lmi"]
[SourceDate "2010.01.31"]

1. c4 g6 2. g3 Bg7 3. Bg2 e5 4. Nc3 d6 5. e4 f5 6. d3 Nf6 7. Nge2 Nc6 8. O-O
O-O 9. Nd5 Nd4 10. Nxd4 exd4 11. exf5 Bxf5 12. Nxf6+ Qxf6 13. Bxb7 Rae8 14. a4
Re7 15. Ra3 Bh3 16. Bg2 Bxg2 17. Kxg2 Rfe8 18. Rb3 Qf5 19. Rb7 Qd7 20. Qf3 Rf7
21. Qd5 Kh8 22. Rxa7 Rf5 23. Qb7 Qe6 24. Qxc7 Rg8 25. Bh6 Bf8 26. Bc1 1-0

[Event "20. Abierto Ciudad de Jaén"]
[Site "Jaén ESP"]
[Date "2010.01.31"]
[Round "2.4"]
[White "Claverie, Raul"]
[Black "Agrest, Evgenij"]
[Result "1/2-1/2"]
[WhiteElo "2384"]
[BlackElo "2585"]
[PlyCount "120"]
[EventDate "2010.01.31"]
[EventType "swiss (rapid)"]
[EventCountry "ESP"]
[Source "lmi"]
[SourceDate "2010.01.31"]

1. e4 c6 2. d3 d5 3. Nd2 g6 4. g3 Bg7 5. Bg2 e5 6. Ngf3 Ne7 7. O-O O-O 8. b3 c5
9. Bb2 d4 10. a4 Nec6 11. Nc4 Be6 12. Nfd2 Na6 13. f4 exf4 14. gxf4 f5 15. e5
Nab4 16. Nd6 Rb8 17. Rf2 Nd5 18. N2c4 Qh4 19. Qf3 g5 20. Qg3 Qxg3 21. hxg3 gxf4
22. gxf4 Bh6 23. Bxd5 Bxd5 24. Kh2 Ne7 25. Rg1+ Kh8 26. c3 dxc3 27. Bxc3 Be6
28. Ne3 Ng6 29. Rgf1 Bg7 30. b4 b6 31. Kg3 Rbd8 32. bxc5 bxc5 33. Ba1 Rb8 34.
Rb2 Rxb2 35. Bxb2 Rb8 36. Ba1 Ne7 37. Rc1 Rb3 38. Rxc5 Rxd3 39. Rc3 Rxc3 40.
Bxc3 a6 41. a5 h6 42. Nb7 Nd5 43. Nxd5 Bxd5 44. Nc5 Bc4 45. Bd4 Kh7 46. Nb7 Kg6
47. Nd6 Bd5 48. Nc8 Bf8 49. Nb6 Be6 50. Bc3 Be7 51. Na8 Bd8 52. Nb6 h5 53. Kh3
h4 54. Bd2 Kh5 55. Be3 Be7 56. Na4 Bc4 57. Bc5 Bd8 58. Bb6 Be7 59. Bc5 Bd8 60.
Bb6 Be7 1/2-1/2

[Event "20. Abierto Ciudad de Jaén"]
[Site "Jaén ESP"]
[Date "2010.01.31"]
[Round "2.5"]
[White "Korneev, Oleg"]
[Black "Bruned Segura, Mario"]
[Result "1/2-1/2"]
[WhiteElo "2573"]
[BlackElo "2181"]
[PlyCount "93"]
[EventDate "2010.01.31"]
[EventType "swiss (rapid)"]
[EventCountry "ESP"]
[Source "lmi"]
[SourceDate "2010.01.31"]

1. e4 e5 2. Nf3 Nc6 3. Bc4 Be7 4. d3 Nf6 5. O-O O-O 6. Re1 d6 7. a4 h6 8. a5 a6
9. Nbd2 Nh7 10. c3 Ng5 11. Nf1 Kh8 12. Ng3 Bg4 13. Bxg5 Bxg5 14. h3 Bd7 15. d4
Bf4 16. Nh5 Bg5 17. dxe5 Nxe5 18. Nxe5 dxe5 19. Qb3 g6 20. Ng3 Rb8 21. Red1 Qe8
22. Rd3 f5 23. Qd1 Bc6 24. Qe2 Bf4 25. Bd5 Bb5 26. c4 Bd7 27. exf5 gxf5 28. Nh5
Bg5 29. f4 exf4 30. Re1 Qxe2 31. Rxe2 Be8 32. Bf3 Bxh5 33. Bxh5 Rbd8 34. Rxd8
Rxd8 35. Re8+ Rxe8 36. Bxe8 f3 37. gxf3 Bd2 38. Bd7 Bxa5 39. Bxf5 b5 40. cxb5
axb5 41. Bd7 b4 42. Kf2 Kg7 43. Ke3 Kf6 44. Ke4 Bb6 45. b3 Bf2 46. Kd5 c5 47.
Ke4 1/2-1/2

[Event "20. Abierto Ciudad de Jaén"]
[Site "Jaén ESP"]
[Date "2010.01.31"]
[Round "2.6"]
[White "Vazquez Igarza, Renier"]
[Black "Romero Berruezo, Francisco"]
[Result "1-0"]
[WhiteElo "2560"]
[BlackElo "2162"]
[PlyCount "87"]
[EventDate "2010.01.31"]
[EventType "swiss (rapid)"]
[EventCountry "ESP"]
[Source "lmi"]
[SourceDate "2010.01.31"]

1. d4 e6 2. Nf3 c5 3. c4 cxd4 4. Nxd4 Nf6 5. Nc3 Bb4 6. g3 O-O 7. Bg2 d5 8.
cxd5 Nxd5 9. Bd2 Nb6 10. Nc2 Be7 11. O-O Nc6 12. Ne4 f5 13. Nc3 e5 14. Be3 Be6
15. Bxb6 axb6 16. Bd5 Qd7 17. Bxe6+ Qxe6 18. Qd5 Qxd5 19. Nxd5 Rad8 20. Rad1
Bc5 21. b4 Bd4 22. Nc7 Rc8 23. Nb5 Rfd8 24. e3 Bb2 25. Rb1 Ne7 26. Rxb2 Rd2 27.
Nba3 Nd5 28. Rb3 Rcxc2 29. Nxc2 Rxc2 30. a3 Kf7 31. Rd3 Ke6 32. Rfd1 Nc3 33.
Rd6+ Kf7 34. Rd7+ Kg6 35. R1d6+ Kh5 36. Rd2 Rc1+ 37. Kg2 Ne4 38. Re2 Nc3 39.
Rb2 Na4 40. Rbd2 Kh6 41. Rxb7 Ra1 42. Rd6+ g6 43. h4 Nc3 44. Rdd7 1-0

[Event "20. Abierto Ciudad de Jaén"]
[Site "Jaén ESP"]
[Date "2010.01.31"]
[Round "2.7"]
[White "Paunovic, Dragan"]
[Black "Cabrera Ruiz, Luis"]
[Result "1-0"]
[WhiteElo "2551"]
[BlackElo "2153"]
[PlyCount "51"]
[EventDate "2010.01.31"]
[EventType "swiss (rapid)"]
[EventCountry "ESP"]
[Source "lmi"]
[SourceDate "2010.01.31"]

1. c4 Nf6 2. g3 g6 3. Bg2 Bg7 4. Nf3 d6 5. O-O e5 6. Nc3 O-O 7. d3 Nc6 8. Rb1
Re8 9. Bg5 h6 10. Bxf6 Bxf6 11. b4 Ne7 12. b5 Be6 13. Nd2 d5 14. cxd5 Nxd5 15.
Nxd5 Bxd5 16. Bxd5 Qxd5 17. Qc2 Re7 18. a4 Rd8 19. Ne4 Bg7 20. Rfc1 f5 21. Nc5
c6 22. bxc6 bxc6 23. Na6 e4 24. Nb4 Qd6 25. Nxc6 exd3 26. Qd1 1-0

[Event "20. Abierto Ciudad de Jaén"]
[Site "Jaén ESP"]
[Date "2010.01.31"]
[Round "2.8"]
[White "Perez Mitjans, Orelvis"]
[Black "Matamoros Franco, Carlos S"]
[Result "1-0"]
[WhiteElo "2387"]
[BlackElo "2541"]
[PlyCount "175"]
[EventDate "2010.01.31"]
[EventType "swiss (rapid)"]
[EventCountry "ESP"]
[Source "lmi"]
[SourceDate "2010.01.31"]

1. e4 e5 2. Nc3 Nf6 3. f4 d5 4. fxe5 Nxe4 5. Qf3 Nc6 6. Bb5 Nxc3 7. dxc3 a6 8.
Bxc6+ bxc6 9. Qg3 Qd7 10. Nf3 Qg4 11. Qf2 Be7 12. O-O O-O 13. Be3 Qg6 14. Bc5
Bxc5 15. Qxc5 Qxc2 16. Rf2 Qg6 17. Raf1 Bd7 18. Qa5 Rac8 19. Qxa6 c5 20. Qe2
Rce8 21. Qe3 Qb6 22. Rd1 Bc6 23. Nh4 f6 24. e6 Bd7 25. Rxd5 Bxe6 26. Rd1 Bb3
27. Qc1 Bxd1 28. Qxd1 Qe6 29. Nf5 Qe1+ 30. Rf1 Qxd1 31. Rxd1 Rd8 32. Rb1 Rfe8
33. Kf2 Rd2+ 34. Kf3 Ree2 35. g4 Rxb2 36. Rd1 Rbd2 37. Rb1 Rxh2 38. Rb7 h5 39.
Rxc7 hxg4+ 40. Kxg4 Rdg2+ 41. Kf3 Rf2+ 42. Ke4 Rh4+ 43. Nxh4 Rxa2 44. Nf5 Re2+
45. Kf3 Rc2 46. Rxc5 Kf7 47. Rc7+ Kg6 48. Nxg7 Rc1 49. Ke3 Kg5 50. Ne6+ Kf5 51.
Nd4+ Ke5 52. Rc5+ Kd6 53. Rc6+ Kd5 54. Kd2 Rf1 55. Rc8 Ke4 56. Re8+ Kd5 57. Nc2
Rh1 58. Ne3+ Kd6 59. Kd3 Rh3 60. c4 Rf3 61. Rd8+ Kc5 62. Rd5+ Kc6 63. Rf5 Rh3
64. Rxf6+ Kc5 65. Rf5+ Kc6 66. Rg5 Kd6 67. Kd4 Rh4+ 68. Rg4 Rh2 69. c5+ Kd7 70.
Rg7+ Kc6 71. Rg6+ Kd7 72. Nc4 Rh1 73. Ne5+ Kc7 74. Rg7+ Kc8 75. c6 Rd1+ 76. Kc5
Rc1+ 77. Kd6 Rd1+ 78. Ke6 Re1 79. Rd7 Re2 80. Kd6 Rd2+ 81. Kc5 Rc2+ 82. Nc4 Rc1
83. Rh7 Kb8 84. Kd4 Kc8 85. Nb6+ Kd8 86. Rh8+ Ke7 87. c7 Rxc7 88. Ke4 1-0

[Event "20. Abierto Ciudad de Jaén"]
[Site "Jaén ESP"]
[Date "2010.01.31"]
[Round "2.9"]
[White "San Segundo Carrillo, Pablo"]
[Black "Diaz Rodriguez, Jose Antonio"]
[Result "1-0"]
[WhiteElo "2534"]
[BlackElo "2143"]
[PlyCount "79"]
[EventDate "2010.01.31"]
[EventType "swiss (rapid)"]
[EventCountry "ESP"]
[Source "lmi"]
[SourceDate "2010.01.31"]

1. d4 Nf6 2. c4 g6 3. Nc3 Bg7 4. e4 d6 5. Nf3 O-O 6. h3 Nbd7 7. Be3 e5 8. d5 a5
9. g4 Nc5 10. Nd2 Qe7 11. Be2 Ne8 12. h4 f5 13. gxf5 gxf5 14. Qc2 Na6 15. exf5
Nb4 16. Qd1 e4 17. Rg1 Bxf5 18. Nb3 Nd3+ 19. Bxd3 exd3 20. Nd4 Be4 21. Qg4 Nf6
22. Qe6+ Rf7 23. O-O-O Re8 24. Qxe7 Rexe7 25. Ne6 Bf5 26. Nxg7 Rxg7 27. Bg5 Kf7
28. Kd2 Re5 29. Bxf6 Kxf6 30. Rxg7 Kxg7 31. Rg1+ Kh6 32. Rg5 Bg6 33. f4 Rf5 34.
Ke3 Kg7 35. Rxf5 Bxf5 36. Nb5 Kh6 37. Nxc7 Kh5 38. Ne8 Kxh4 39. Nxd6 Bc8 40.
Ke4 1-0

[Event "20. Abierto Ciudad de Jaén"]
[Site "Jaén ESP"]
[Date "2010.01.31"]
[Round "3.1"]
[White "Filip, Lucian"]
[Black "Spraggett, Kevin"]
[Result "0-1"]
[WhiteElo "2454"]
[BlackElo "2586"]
[PlyCount "178"]
[EventDate "2010.01.31"]
[EventType "swiss (rapid)"]
[EventCountry "ESP"]
[Source "lmi"]
[SourceDate "2010.01.31"]

1. Nf3 Nf6 2. c4 c5 3. d4 e6 4. g3 cxd4 5. Nxd4 Qc7 6. Nc3 a6 7. Bg2 Be7 8. O-O
O-O 9. e4 d6 10. Be3 Nc6 11. Rc1 Ne5 12. b3 Bd7 13. h3 Rac8 14. g4 h6 15. f4
Ng6 16. g5 hxg5 17. fxg5 Nh7 18. Qh5 Bxg5 19. Bxg5 Qc5 20. Rfd1 Nxg5 21. Kh1
Rfd8 22. Qg4 Nh7 23. Nf3 b5 24. cxb5 axb5 25. Qg3 b4 26. Ne2 Qe3 27. Rxc8 Rxc8
28. Qxd6 Qxe2 29. Qxd7 Rc2 30. Qd8+ Nhf8 31. Rd2 Rc1+ 32. Kh2 Qxe4 33. Qd4 Qf4+
34. Qxf4 Nxf4 35. Rd4 Nxg2 36. Kxg2 Rc2+ 37. Kg3 Rxa2 38. Rxb4 f6 39. Rb7 Ng6
40. Nd4 Ra6 41. b4 Rd6 42. Nb5 Rd3+ 43. Kf2 Nf4 44. h4 e5 45. Na7 e4 46. Re7
Rf3+ 47. Ke1 e3 48. b5 e2 49. b6 Rf1+ 50. Kd2 Rd1+ 51. Kc2 e1=Q 52. Rxe1 Rxe1
53. b7 Re2+ 54. Kb1 Re8 55. Nc8 Re1+ 56. Ka2 Nd5 57. Ne7+ Nxe7 58. b8=Q+ Kf7
59. Qb3+ Re6 60. h5 f5 61. Qc4 Ng8 62. Qc7+ Re7 63. Qc4+ Re6 64. Qc7+ Ne7 65.
Qc4 Nc6 66. Qf4 Kf6 67. Qh4+ Kf7 68. Qf4 Rf6 69. Qc7+ Kg8 70. Qf4 Kh7 71. Kb3
Nd8 72. Kc4 Ne6 73. Qf3 Kh6 74. Kd5 Ng5 75. Qf4 Kxh5 76. Kc4 Ne6 77. Qh2+ Kg6
78. Qg3+ Kf7 79. Kd3 g5 80. Ke2 f4 81. Qg4 Kg6 82. Kf2 Rf5 83. Qe2 Kf6 84. Qb2+
Re5 85. Kf3 Nf8 86. Qb6+ Kf7 87. Qc7+ Re7 88. Qc5 Re3+ 89. Kg4 Ke8 0-1

[Event "20. Abierto Ciudad de Jaén"]
[Site "Jaén ESP"]
[Date "2010.01.31"]
[Round "3.2"]
[White "Granero Roca, Antonio"]
[Black "Vazquez Igarza, Renier"]
[Result "0-1"]
[WhiteElo "2450"]
[BlackElo "2560"]
[PlyCount "90"]
[EventDate "2010.01.31"]
[EventType "swiss (rapid)"]
[EventCountry "ESP"]
[Source "lmi"]
[SourceDate "2010.01.31"]

1. d4 Nf6 2. c4 g6 3. Nc3 Bg7 4. e4 d6 5. h3 Nbd7 6. Nf3 e5 7. d5 Nc5 8. Qc2 a5
9. Be3 O-O 10. g4 c6 11. Be2 cxd5 12. cxd5 a4 13. Nd2 Ne8 14. Rg1 Bd7 15. Rc1
Rc8 16. Kf1 Kh8 17. Qd1 f5 18. gxf5 gxf5 19. Bg5 Bf6 20. Bh6 Bg7 21. Bg5 Nf6
22. Nc4 fxe4 23. Rg3 Be8 24. Qd2 Nd3 25. Bxd3 exd3 26. Qxd3 Bg6 27. Qe2 Nh5 28.
Qxh5 Qc7 29. Qe2 Qxc4 30. Qxc4 Rxc4 31. Be7 Rfc8 32. Bxd6 e4 33. Be7 a3 34.
Bxa3 b5 35. Be7 b4 36. d6 Bf5 37. Rg5 Bd7 38. Ke2 bxc3 39. b3 R4c5 40. Rg3 Bb5+
41. Ke3 c2 42. Kxe4 Bb2 43. a4 Bd7 44. Kd3 Re5 45. Kd2 Re1 0-1

[Event "20. Abierto Ciudad de Jaén"]
[Site "Jaén ESP"]
[Date "2010.01.31"]
[Round "3.3"]
[White "Zlotnik, Boris A"]
[Black "Paunovic, Dragan"]
[Result "0-1"]
[WhiteElo "2442"]
[BlackElo "2551"]
[PlyCount "129"]
[EventDate "2010.01.31"]
[EventType "swiss (rapid)"]
[EventCountry "ESP"]
[Source "lmi"]
[SourceDate "2010.01.31"]

1. d4 Nf6 2. c4 g6 3. Nc3 Bg7 4. e4 d6 5. Nf3 O-O 6. Be2 c5 7. O-O cxd4 8. Nxd4
Nc6 9. Nc2 b6 10. Bg5 Bb7 11. Qd2 Rc8 12. f3 Ne5 13. b3 Qc7 14. Rac1 Rfe8 15.
Rfd1 a6 16. Nd4 Qb8 17. Bf1 Ned7 18. Be3 e6 19. Kh1 Bf8 20. Nde2 Ba8 21. Bf4
Ne5 22. Bg5 Ned7 23. Ng3 Be7 24. Be3 Bc6 25. c5 bxc5 26. Bxa6 Bb7 27. Bb5 Red8
28. a4 Ne5 29. Bg5 d5 30. Qf4 Ned7 31. Qxb8 Rxb8 32. f4 d4 33. Nb1 h6 34. Bxf6
Nxf6 35. Nd2 h5 36. Re1 h4 37. Ngf1 h3 38. g3 Ng4 39. Kg1 Bf8 40. Nf3 e5 41.
Ng5 Be7 42. Nxh3 Kg7 43. Ng5 exf4 44. gxf4 Bxg5 45. fxg5 Rbc8 46. Nd2 Ne5 47.
Rf1 Rc7 48. Kg2 Rh8 49. Kg3 Rhc8 50. Rf4 Ra8 51. Rcf1 Ba6 52. Nc4 Bxb5 53. axb5
Nxc4 54. bxc4 Ra4 55. Rc1 Rb4 56. Rf6 Rd7 57. e5 d3 58. Rd6 Rxd6 59. exd6 Rxc4
60. b6 Rxc1 61. d7 d2 62. d8=Q d1=Q 63. Qf6+ Kg8 64. Qg7+ Kxg7 65. b7 0-1

[Event "20. Abierto Ciudad de Jaén"]
[Site "Jaén ESP"]
[Date "2010.01.31"]
[Round "3.4"]
[White "Pozo Vera, Sandro"]
[Black "San Segundo Carrillo, Pablo"]
[Result "1-0"]
[WhiteElo "2436"]
[BlackElo "2534"]
[PlyCount "86"]
[EventDate "2010.01.31"]
[EventType "swiss (rapid)"]
[EventCountry "ESP"]
[Source "lmi"]
[SourceDate "2010.01.31"]

1. d4 d5 2. Nf3 Nf6 3. c4 c6 4. e3 Bg4 5. Nc3 e6 6. Qb3 Qc7 7. Nh4 Bh5 8. h3
Nbd7 9. g4 Bg6 10. Nxg6 hxg6 11. Bg2 Be7 12. g5 dxc4 13. Qxc4 Nd5 14. h4 Nxc3
15. bxc3 e5 16. a4 Qa5 17. Bd2 Rd8 18. Qb3 Qc7 19. Rh3 Nf8 20. Rb1 Rd7 21. d5
c5 22. c4 Qd6 23. a5 Ne6 24. Bc3 Nd8 25. Qb2 f6 26. Ke2 Nf7 27. Rhh1 f5 28.
Rbf1 Qc7 29. f4 Bd6 30. e4 Kd8 31. h5 exf4 32. hxg6 fxe4 33. gxf7 f3+ 34. Kd1
Rxh1 35. Bxh1 Rxf7 36. g6 Re7 37. Bxf3 exf3 38. Rxf3 Qd7 39. Qg2 Qa4+ 40. Qc2
Qxc4 41. a6 b5 42. Ba5+ Kd7 43. Qf5+ Ke8 1-0

[Event "20. Abierto Ciudad de Jaén"]
[Site "Jaén ESP"]
[Date "2010.01.31"]
[Round "3.5"]
[White "Gongora Reyes, Maikel"]
[Black "Rivas Pastor, Manuel"]
[Result "1/2-1/2"]
[WhiteElo "2470"]
[BlackElo "2531"]
[PlyCount "105"]
[EventDate "2010.01.31"]
[EventType "swiss (rapid)"]
[EventCountry "ESP"]
[Source "lmi"]
[SourceDate "2010.01.31"]

1. d4 e6 2. c4 b6 3. Nf3 Bb7 4. g3 Bb4+ 5. Nc3 Bxf3 6. exf3 Ne7 7. Bg2 O-O 8.
f4 d5 9. O-O Bxc3 10. bxc3 Nbc6 11. Ba3 Re8 12. Re1 Na5 13. Bxe7 Rxe7 14. cxd5
exd5 15. Rxe7 Qxe7 16. Bxd5 Rd8 17. Bf3 g6 18. Qd3 Kg7 19. Kg2 Qe6 20. h4 Qc4
21. Qe3 Kf8 22. Re1 Kg8 23. f5 Qxa2 24. Qg5 f6 25. Qxf6 Rf8 26. Qe5 Rxf5 27.
Qxc7 Qf7 28. Qd8+ Kg7 29. Re7 Rxf3 30. Rxf7+ Rxf7 31. Qd5 h5 32. Qe5+ Kh7 33.
d5 Nb7 34. Qe6 Kg7 35. f3 Nc5 36. Qe5+ Kh7 37. Qd4 a5 38. g4 hxg4 39. fxg4 g5
40. hxg5 Kg6 41. Qe5 a4 42. Qd6+ Kxg5 43. Qxb6 Ne4 44. Qd4 Rf2+ 45. Kg1 Kf4 46.
Qxa4 Rd2 47. c4 Ng5 48. Kf1 Nf3 49. Qa3 Rd1+ 50. Ke2 Rd2+ 51. Kf1 Ng5 52. Qa4
Kg3 53. Kg1 1/2-1/2